Propuesta de valorización del aceite y expeller producto del proceso de extracción mecánica de la nuez de Acrocomia spp. (Coyol) para la elaboración de un producto prototipo de valor agregado
Salvato in:
| Autore principale: | |
|---|---|
| Altri autori: | |
| Natura: | Libro |
| Lingua: | Spanish |
| Pubblicazione: |
San José, Costa Rica
2023
|
| Soggetti: | |
| Tags: |
Aggiungi Tag
Nessun Tag, puoi essere il primo ad aggiungerne!!
|
MARC
| LEADER | 00000nam a2200000Ia 4500 | ||
|---|---|---|---|
| 003 | 013737 | ||
| 005 | 20230929130930.0 | ||
| 008 | 140114s2023 cr a 000 ||spa d | ||
| 040 | |c cru CEDI | ||
| 100 | |a Ramírez Monge, Karina, 1997- |9 1675 | ||
| 245 | |a Propuesta de valorización del aceite y expeller producto del proceso de extracción mecánica de la nuez de Acrocomia spp. (Coyol) para la elaboración de un producto prototipo de valor agregado | ||
| 260 | |a San José, Costa Rica |c 2023 | ||
| 500 | |a Trabajo de graduación (licenciatura en ingeniería química) --Universidad de Costa Rica. Facultad de Ingeniería. Escuela de Ingeniería Química | ||
| 501 | |a Directora de Trabajo Final de Graduación: Ing. Sol de María Jiménez González, MAP | ||
| 650 | |x PROTOTIPOS |x PROPIEDADES FISICOQUIMICAS |x EXTRACCION (QUIMICA) - EQUIPO Y ACCESORIOS - DISEÑO |x EXTRACCION (QUIMICA) - METODOS |x APROVECHAMIENTO DE RESIDUOS | ||
| 700 | |9 1676 |a Jiménez González, Sol de María, 1982- |d Director/a del TFG | ||
| 942 | |c CEDI | ||
| 999 | |c 13060 |d 13060 | ||
